| 000 | 00690nam a2200205 a 4500 | ||
|---|---|---|---|
| 001 | 0621 | ||
| 005 | 20140414131923.0 | ||
| 008 | 040201s19uu xx 00 eng d | ||
| 020 | _a0-06-022829-6 | ||
| 050 |
_aER _bT93 1992 |
||
| 100 | _aJewell, Nancy | ||
| 245 |
_aTwo silly trolls / _cNancy Jewell. |
||
| 260 |
_aOhio : _bHarper Collins, _c1992. |
||
| 300 | _a64 p. ; cm. | ||
| 440 | _aAn I Can Read Book | ||
| 520 | _aNip and Tuck, two troll brothers, share silly experiences, including building a house without a roof, getting lost on the way to their own picnic, and sharing a travelling itch. | ||
| 650 | _aTrolls - fiction. | ||
| 650 | _aBrothers-fiction. | ||
| 999 |
_c111870 _d111870 |
||